L'assasino Di Regilla Storia di una donna , del suo matrimonio

Uloženo v:
Podrobná bibliografie
Hlavní autor: Sarah B.Pomeroy
Médium: Kniha
Jazyk:neznámý jazyk
Vydáno: Editore La Terza
Tagy: Přidat tag
Žádné tagy, Buďte první, kdo vytvoří štítek k tomuto záznamu!

MARC

LEADER 00000nam a2200000Ia 4500
001 R-762
003 CODICE-MESSINA
005 20260212102457.0
008 260211s9999 xx 000 0 und d
040 |c importazione_messina 
100 |a Sarah B.Pomeroy 
245 0 |a L'assasino Di Regilla 
245 0 |b Storia di una donna , del suo matrimonio  
260 |b Editore La Terza 
942 |2 ddc  |c BK 
952 |0 0  |1 0  |2 ddc  |4 0  |6 SCAFFALE_7_000000000000000__ROMANZI  |7 0  |9 31589  |a ME  |b ME  |d 2026-02-11  |l 0  |o SCAFFALE 7 - ROMANZI  |p R-762  |r 2026-02-11 23:52:39  |w 2026-02-11  |x [REVISIONARE]  |y BK 
999 |c 27254  |d 27254